Statistiche per Tutti i comuni della provincia di Varese

Clicka qui per fare il quiz!

Statistiche generali

  • Questo quiz è stato fatto 75 volte
  • Il punteggio medio è 39 su 138

Statistiche sulle risposte

PosizioneCittàPopolazione% Corretto
127Ferrera di Varese705
94%
2Varese78.875
94%
1Busto Arsizio82.981
87%
3Gallarate52.826
85%
13Luino14.122
68%
17Sesto Calende11.002
64%
9Malnate16.357
60%
6Tradate18.852
60%
21Induno Olona10.258
57%
4Saronno38.658
57%
42Angera5.362
55%
56Azzate4.610
55%
14Olgiate Olona12.600
55%
12Castellanza14.149
51%
80Porto Ceresio2.830
51%
72Brebbia3.142
49%
34Ferno6.752
47%
23Gavirate9.101
47%
16Lonate Pozzolo11.369
47%
8Somma Lombardo17.727
47%
25Vergiate8.634
47%
15Fagnano Olona12.432
45%
26Laveno Mombello8.325
45%
5Cassano Magnago21.360
43%
38Lavena Ponte Tresa5.767
43%
10Samarate16.065
43%
47Viggiù5.150
43%
22Arcisate9.956
40%
51Gorla Maggiore4.877
40%
43Solbiate Olona5.323
40%
24Besozzo8.709
38%
27Gorla Minore8.083
38%
61Solbiate Arno4.012
38%
32Vedano Olona7.272
38%
37Venegono Inferiore5.930
38%
33Venegono Superiore7.247
38%
11Cardano al Campo14.739
36%
31Castiglione Olona7.555
36%
78Gemonio2.849
36%
45Ispra5.223
36%
133Agra407
34%
74Buguggiate3.068
34%
57Gazzada Schianno4.560
34%
44Jerago con Orago5.275
34%
66Leggiuno3.601
34%
28Marnate8.027
34%
60Bisuschio4.268
32%
63Cittiglio3.804
32%
73Daverio3.084
32%
71Biandronno3.154
30%
40Cavaria con Premezzo5.614
30%
50Mornago4.909
30%
36Sumirago5.984
30%
62Travedona Monate3.928
30%
131Vizzola Ticino584
30%
46Albizzate5.200
28%
100Barasso1.615
28%
7Caronno Pertusella18.078
28%
18Gerenzano10.753
28%
67Taino3.585
28%
54Cantello4.751
26%
53Caronno Varesino4.772
26%
77Cunardo2.887
26%
19Uboldo10.707
26%
82Cadrezzate con Osmate2.649
23%
65Casciago3.610
23%
39Casorate Sempione5.663
23%
93Clivio1.928
23%
83Golasecca2.637
23%
91Gornate Olona2.175
23%
88Maccagno con Pino e Veddasca2.390
23%
98Mesenzana1.648
23%
59Morazzone4.271
23%
129Bedero Valcuvia666
21%
90Bodio Lomnago2.234
21%
109Brezzo di Bedero1.253
21%
48Castronno5.031
21%
68Cuasso al Monte3.567
21%
99Cuvio1.638
21%
49Lonate Ceppino5.022
21%
115Lozza1.203
21%
89Porto Valtravaglia2.242
21%
52
Arsago Seprio4.780
19%
41Besnate5.483
19%
30Cairate7.720
19%
35Carnago6.579
19%
20Cislago10.382
19%
55Cocquio Trevisago4.616
19%
79Comerio2.833
19%
108Luvinate1.295
19%
122Orino816
19%
120Rancio Valcuvia901
19%
76Saltrio2.983
19%
101Bardello1.591
17%
97Brenta1.744
17%
116Brusimpiano1.165
17%
112Comabbio1.223
17%
70Cuveglio3.237
17%
104Dumenza1.467
17%
29Origgio7.958
17%
102Valganna1.567
17%
130Crosio della Valle601
15%
75Cugliate Fabiasco3.059
15%
118Galliate Lombardo990
15%
64Germignaga3.760
15%
69Marchirolo3.508
15%
86Ternate2.494
15%
136Tronzano Lago Maggiore224
15%
85Besano2.508
13%
107Castelseprio1.306
13%
123Cazzago Brabbia807
13%
137Curiglia con Monteviasco156
13%
138Duno144
13%
94Monvalle1.924
13%
58Oggiona con Santo Stefano4.332
13%
113Ranco1.223
13%
81Casale Litta2.743
11%
134Marzio309
11%
103Montegrino Valtravaglia1.489
11%
105Sangiano1.454
11%
87Varano Borghi2.450
11%
124Birinzio773
9%
92Cadegliano Viconago2.131
9%
106Casalzuigno1.360
9%
132Castello Cabiaglio558
9%
111Grantola1.234
9%
121Bregano824
6%
119Brunello933
6%
84Caravate2.541
6%
128Cassano Valcuvia668
6%
95Castelveccana1.864
6%
114Malgesso1.210
6%
135Masciago Primo304
6%
96Mercallo1.790
6%
126Azzio756
4%
110Brissago Veltravaglia1.245
4%
125Cremenaga765
2%
117Inarzo1.054
2%

Distribuzione punteggi

Percentile per numero di risposta

Percentuale di utenti per punteggio

I tuoi punteggi nel tempo

Non hai fatto questo quiz